| 000 | 00602nam a2200217 a 4500 | ||
|---|---|---|---|
| 001 | BRL_152 | ||
| 005 | 20190320210618.0 | ||
| 008 | 750722s1957 nyuaf#####---#000-0#eng-# | ||
| 041 | _aeng | ||
| 044 | _au | ||
| 050 | 4 |
_aNC1850.P5 _b.F67 1964 |
|
| 100 | 1 |
_aFoster, Joseph K. _923054 |
|
| 245 | 1 | 0 |
_aPosters of Picasso _cby Joseph K. Foster. |
| 260 |
_aNueva York _bGrosset and Dunlap _c1968 |
||
| 300 |
_a35 p. _bil. (algunas a color), 48 láminas _c33 cm. |
||
| 500 | _aAu196 | ||
| 600 | 1 | 4 |
_aPicasso, Pablo _d1881-1973 _94496 |
| 650 | 1 | 4 |
_aCarteles franceses _923055 |
| 902 | _aGRL | ||
| 942 |
_2lcc _cB |
||
| 999 |
_c8965 _d8965 |
||